O rapaz e o robô (Registo nº 12583)

Detalhes MARC
000 -Etiqueta do registo
Valores 00562nam a22001811i 4500
090 ## -
-- 12583
010 ## - Número ISBN
ISBN 9789727101078
100 ## - Dados gerais de processamento
Dados gerais 20170304u u u0frey50 ba
101 0# - Língua de publicação
-- por
200 1# - Titulo e menção de responsabilidade
Primeira menção de responsabilidade Luísa Ducla Soares
Título próprio O rapaz e o robô
215 ## - Descrição física 
Paginação / Volumes 41, [3] p.
Outras indicações físicas il. p.7b.
Dimensões 20 cm
210 ## - Publicação
Nome do editor Terramar
Local de publicação Lisboa
Data de publicação 1998
225 2# - Colecção 
Título próprio da colecção Abracadabra
Indicação de volume 5
410 #0 -
-- Abracadabra
700 #1 - Autor principal (pessoa individual)
Apelido Soares
Nome Luísa Ducla
-- 070
Datas 1939-
ID Autoridade 2431
996 ## - ISO2709
-- 0014124
-- SOA Juv
-- 00000000
-- 00000000
-- BMVA
-- 1
-- Viana do Alentejo
-- Literatura Juvenil
-- 2
-- Livro
-- 0
-- 1
990 ## - Elementos KOHA
Tipo de documento Livro
Exemplares
Situação do levantamento Estado Biblioteca de origem Biblioteca de empréstimo Código de barras Cota Permissão de empréstimo Tipo de documento
  Completo Biblioteca Municipal de Viana Do Alentejo Biblioteca Municipal de Viana Do Alentejo 0017992 82-93 SOA Disponível Livro




Powered by Koha